[Event "MVP-ch Seniors op 15th"]
[Site "Binz"]
[Date "2015.11.29"]
[Round "6.77"]
[White "Rollwitz, Inge"]
[Black "Jacobi, Bernd"]
[Result "0-1"]
[WhiteElo "1201"]
[BlackElo "1445"]
[PlyCount "120"]
[EventDate "2015.11.24"]
[EventType "swiss"]
[EventRounds "9"]
[EventCountry "GER"]
[SourceTitle "EXT 2017"]
[Source "ChessBase"]
[SourceDate "2016.10.25"]
[SourceVersion "1"]
[SourceVersionDate "2016.10.25"]
[SourceQuality "1"]

1. e4 e6 2. Nf3 d5 3. exd5 exd5 4. d3 Bg4 5. Be2 Nf6 6. h3 Bxf3 7. Bxf3 Be7 8. 0-0 0-0 9. Bf4 Nbd7 10. Re1 c6 11. c3 Re8 12. d4 Qb6 13. Qc2 Nf8 14. Nd2 Ng6 15. Bg3 Rad8 16. b4 a5 17. a3 Ra8 18. Kf1 axb4 19. axb4 Rxa1 20. Rxa1 Bf8 21. Nb3 Ne4 22. Bxe4 Rxe4 23. Re1 Rxe1+ 24. Kxe1 Be7 25. Qe2 h6 26. f4 Qc7 27. Qe3 Bd6 28. Kf2 Nxf4 29. Bxf4 Bxf4 30. Qe8+ Kh7 31. Qe2 Bg3+ 32. Kf1 f5 33. Nd2 Qf4+ 34. Qf3 Qg5 35. Qd3 g6 36. Nf3 Qc1+ 37. Ke2 Qb2+ 38. Qd2 Qxd2+ 39. Kxd2 Kg7 40. Kd3 Kf6 41. Ke2 g5 42. Nd2 h5 43. Kf3 Bf4 44. Nb1 h4 45. Na3 Kg6 46. Nb1 Kh5 47. Na3 Bc1 48. Nb1 g4+ 49. Ke2 gxh3 50. gxh3 Kg5 51. Kd1 Be3 52. Nd2 Bxd2 53. Kxd2 Kf4 54. Ke2 Kg3 55. Kf1 Kxh3 56. Kf2 Kg4 57. Kg1 Kg3 58. Kf1 f4 59. Kg1 Kf3 60. Kh2 Ke2 0-1

[Event "MVP-ch Seniors op 15th"]
[Site "Binz"]
[Date "2015.11.29"]
[Round "3.65"]
[White "Wulf, Adalbert"]
[Black "Jacobi, Bernd"]
[Result "1/2-1/2"]
[WhiteElo "1703"]
[BlackElo "1445"]
[PlyCount "87"]
[EventDate "2015.11.24"]
[EventType "swiss"]
[EventRounds "9"]
[EventCountry "GER"]
[SourceTitle "EXT 2017"]
[Source "ChessBase"]
[SourceDate "2016.10.25"]
[SourceVersion "1"]
[SourceVersionDate "2016.10.25"]
[SourceQuality "1"]

1. d4 d5 2. c4 c6 3. Nc3 Bf5 4. cxd5 cxd5 5. Nf3 e6 6. e3 a6 7. Be2 Bg4 8. h3 Bxf3 9. Bxf3 Nf6 10. 0-0 Bd6 11. e4 dxe4 12. Nxe4 Nxe4 13. Bxe4 Qc7 14. Be3 Nd7 15. Qb3 0-0 16. Rac1 Qb6 17. Qxb6 Nxb6 18. Bxb7 Rab8 19. Bxa6 Nd5 20. Rc6 Bf4 21. Bxf4 Nxf4 22. b3 Rfd8 23. Rfc1 g6 24. Rc8 Rbxc8 25. Rxc8 Rxc8 26. Bxc8 Ne2+ 27. Kf1 Nxd4 28. Bd7 Kf8 29. b4 Ke7 30. Ba4 Kd6 31. Ke1 Kd5 32. Kd2 Kc4 33. a3 e5 34. h4 f6 35. g4 Nf3+ 36. Ke3 Nxh4 37. Bd7 Ng2+ 38. Ke4 Nf4 39. b5 Kc5 40. a4 Nd5 41. g5 fxg5 42. Kxe5 Nb6 43. Be8 Nxa4 44. Kf6 1/2-1/2

[Event "MVP-ch Seniors op 15th"]
[Site "Binz"]
[Date "2015.11.28"]
[Round "5.79"]
[White "Jacobi, Bernd"]
[Black "Traut, Alexander"]
[Result "0-1"]
[WhiteElo "1445"]
[BlackElo "1286"]
[PlyCount "115"]
[EventDate "2015.11.24"]
[EventType "swiss"]
[EventRounds "9"]
[EventCountry "GER"]
[SourceTitle "EXT 2017"]
[Source "ChessBase"]
[SourceDate "2016.10.25"]
[SourceVersion "1"]
[SourceVersionDate "2016.10.25"]
[SourceQuality "1"]

1. d4 d5 2. c3 c5 3. Nf3 c4 4. Nbd2 b5 5. b3 e6 6. e4 Qa5 7. b4 Qc7 8. a4 Bd7 9. axb5 Bxb5 10. g3 a6 11. Ba3 Ne7 12. Ng5 Ng6 13. exd5 exd5 14. Be2 h6 15. Ngf3 Bd6 16. Qc2 0-0 17. 0-0 Qd7 18. Kg2 Nc6 19. Ng1 Nce7 20. Bf3 Rae8 21. Rae1 Bc7 22. Bc1 a5 23. bxa5 Bxa5 24. Ba3 Ba4 25. Qc1 Bc7 26. h3 Bd6 27. Bxd6 Qxd6 28. Re2 Nf5 29. Rxe8 Rxe8 30. Re1 Rxe1 31. Qxe1 Qe6 32. Qxe6 fxe6 33. Bg4 Bc2 34. Ngf3 Kf7 35. h4 Nd6 36. Ne1 Bf5 37. Bxf5 Nxf5 38. Nc2 Kf6 39. Kf3 e5 40. dxe5+ Nxe5+ 41. Ke2 Nd6 42. Ne3 Ke6 43. Nf3 Nb5 44. Nxe5 Kxe5 45. Kd2 h5 46. f3 g6 47. Ng2 d4 48. cxd4+ Nxd4 49. f4+ Kd5 50. Ne3+ Kc5 51. Nf1 Nf5 52. Kc3 Nd4 53. Kd2 Kb4 54. Ne3 Nf5 55. Nf1 Kb3 56. Ke2 c3 57. Kd3 c2 58. Ne3 0-1

[Event "MVP-ch Seniors op 15th"]
[Site "Binz"]
[Date "2015.11.27"]
[Round "4.62"]
[White "Brandt, Fred"]
[Black "Jacobi, Bernd"]
[Result "1-0"]
[WhiteElo "1675"]
[BlackElo "1445"]
[PlyCount "47"]
[EventDate "2015.11.24"]
[EventType "swiss"]
[EventRounds "9"]
[EventCountry "GER"]
[SourceTitle "EXT 2017"]
[Source "ChessBase"]
[SourceDate "2016.10.25"]
[SourceVersion "1"]
[SourceVersionDate "2016.10.25"]
[SourceQuality "1"]

1. d4 d5 2. Nf3 c6 3. e3 Nf6 4. Bd3 e6 5. Nbd2 Nbd7 6. 0-0 Bd6 7. e4 dxe4 8. Nxe4 Nxe4 9. Bxe4 Nf6 10. Bd3 h6 11. Re1 0-0 12. Ne5 Qc7 13. Qf3 Qe7 14. Qh3 Nh7 15. Bxh6 Qf6 16. Bxh7+ Kh8 17. Bd2 Rd8 18. Nxf7+ Qxf7 19. Bg6+ Kg8 20. Bxf7+ Kxf7 21. Qh5+ Kf8 22. Re3 Bf4 23. Rf3 Rxd4 24. Bxf4 1-0

[Event "MVP-ch Seniors op 14th"]
[Site "Binz"]
[Date "2014.12.03"]
[Round "9"]
[White "Jacobi, Bernd"]
[Black "Narr, Irmgard"]
[Result "1-0"]
[WhiteElo "1365"]
[BlackElo "1581"]
[PlyCount "159"]
[EventDate "2014.11.25"]
[EventType "swiss"]
[EventRounds "9"]
[EventCountry "GER"]
[SourceTitle "EXT 2016"]
[Source "ChessBase"]
[SourceDate "2015.10.08"]
[SourceVersion "1"]
[SourceVersionDate "2015.10.08"]
[SourceQuality "1"]

1. d4 Nf6 2. c3 e6 3. Nf3 b6 4. Bg5 Be7 5. Bxf6 Bxf6 6. e3 Bb7 7. Nbd2 0-0 8. Bd3 d6 9. h4 Re8 10. Bxh7+ Kxh7 11. Ng5+ Kg8 12. Qh5 Bxg5 13. hxg5 Kf8 14. Qh8+ Ke7 15. Qxg7 Rf8 16. g6 Nd7 17. 0-0-0 Qe8 18. Rh7 Kd8 19. Rdh1 fxg6 20. Rh8 Qe7 21. Qxg6 c5 22. R1h7 Qe8 23. Qg7 Bc6 24. Rxf8 Qxf8 25. Rh8 Qxh8 26. Qxh8+ Kc7 27. Qg7 cxd4 28. exd4 b5 29. b4 Bd5 30. Kb2 a5 31. a3 axb4 32. cxb4 Rf8 33. f3 e5 34. dxe5 dxe5 35. Qh6 Rg8 36. g4 Rf8 37. Qa6 Bc6 38. Qa7+ Kd6 39. Ne4+ Bxe4 40. fxe4 Rf4 41. Qa6+ Ke7 42. Qxb5 Rxg4 43. Qd5 Rg2+ 44. Kb3 Rg3+ 45. Kb2 Rg2+ 46. Kc1 Rg1+ 47. Kd2 Ra1 48. Qb3 Rh1 49. Qf3 Rh2+ 50. Kc3 Rh4 51. Qf5 Rf4 52. Qg5+ Kd6 53. Qg6+ Kc7 54. b5 Rf6 55. Qg1 Rf3+ 56. Kb4 Rf4 57. Qa7+ Kd6 58. Qa6+ Ke7 59. Qc6 Rf6 60. Qc7 Rd6 61. Qc2 Rd4+ 62. Ka5 Rd6 63. Qc7 Ke6 64. b6 Rd4 65. b7 Rxe4 66. Qc6+ Kf5 67. Qxd7+ Kf4 68. b8Q Ke3 69. Qh3+ Kd4 70. Qb4+ Kd5 71. Qxe4+ Kxe4 72. Kb6 Kd5 73. a4 e4 74. a5 Kd4 75. a6 e3 76. a7 e2 77. Qh1 Ke3 78. a8Q Kd4 79. Qa2 Ke3 80. Qxe2+ 1-0

[Event "Leverkusen Bayer op 10th"]
[Site "Leverkusen"]
[Date "2012.03.07"]
[Round "5"]
[White "Decker, Andreas"]
[Black "Jacobi, Bernd"]
[Result "1-0"]
[WhiteElo "1826"]
[BlackElo "1454"]
[PlyCount "107"]
[EventDate "2012.01.11"]
[EventType "swiss"]
[EventRounds "7"]
[EventCountry "GER"]
[SourceTitle "EXT 2014"]
[Source "ChessBase"]
[SourceDate "2013.11.20"]
[SourceVersion "1"]
[SourceVersionDate "2013.11.20"]
[SourceQuality "1"]

1. d4 d5 2. Nf3 Nf6 3. Bf4 c6 4. e3 e6 5. Bd3 Qb6 6. b3 Nbd7 7. 0-0 Nh5 8. Bg5 h6 9. Bh4 Nhf6 10. Nbd2 c5 11. c3 Bd6 12. Qe2 0-0 13. Bg3 Qc7 14. Rac1 Bxg3 15. hxg3 b6 16. e4 dxe4 17. Nxe4 Bb7 18. Nxf6+ Nxf6 19. dxc5 Qxc5 20. Ne5 Qd5 21. Qf3 Qxf3 22. Nxf3 Rfd8 23. Rfd1 Rac8 24. c4 Be4 25. Bxe4 Nxe4 26. Kf1 Rxd1+ 27. Rxd1 Nc3 28. Rd2 b5 29. Rc2 Ne4 30. Ke2 bxc4 31. bxc4 Nd6 32. c5 Kf8 33. Kd3 Nf5 34. Kc4 Ne7 35. Rb2 Nc6 36. Rd2 Ke7 37. Kb5 f6 38. Rd6 Ne5 39. Nd4 Rb8+ 40. Ka6 Rb2 41. Rxe6+ Kd7 42. Rd6+ Kc8 43. a4 Rb4 44. a5 Ra4 45. Nc6 Kc7 46. Nxe5 fxe5 47. Rg6 Rc4 48. Rxg7+ Kc6 49. Kxa7 Rxc5 50. a6 Kb5 51. Re7 Kc6 52. Re6+ Kd7 53. Rxh6 Rc7+ 54. Kb8 1-0

[Event "Leverkusen-ch op"]
[Site "Leverkusen"]
[Date "2010.02.01"]
[Round "2"]
[White "Huppertz, Andrea"]
[Black "Jacobi, Bernd"]
[Result "1-0"]
[WhiteElo "1865"]
[BlackElo "1475"]
[PlyCount "109"]
[EventDate "2010.01.18"]
[EventType "swiss"]
[EventRounds "7"]
[EventCountry "GER"]
[SourceTitle "EXT 2011"]
[Source "ChessBase"]
[SourceDate "2010.11.26"]
[SourceVersion "1"]
[SourceVersionDate "2010.11.26"]
[SourceQuality "1"]

1. d4 d5 2. Bf4 Nf6 3. e3 c6 4. c3 Qb6 5. Qb3 Qxb3 6. axb3 Nbd7 7. c4 Nh5 8. Bc7 e6 9. c5 e5 10. b4 exd4 11. exd4 g6 12. b5 Ng7 13. bxc6 bxc6 14. Nf3 Ne6 15. Ba5 Bg7 16. Bc3 0-0 17. g3 Re8 18. Be2 Nf6 19. Nbd2 Ne4 20. Nb3 Nxc3 21. bxc3 Rb8 22. Nfd2 a6 23. h4 Nc7 24. Kd1 Nb5 25. Bxb5 axb5 26. Re1 Rxe1+ 27. Kxe1 Bh6 28. Ra7 Bh3 29. Kd1 Bxd2 30. Nxd2 Re8 31. Rc7 Re6 32. Rb7 f5 33. Kc2 f4 34. gxf4 Re2 35. Kd1 Re6 36. Rc7 Rf6 37. Ke2 Bg4+ 38. f3 Bf5 39. Kf2 h5 40. Nf1 Bd3 41. Ne3 Kf8 42. Ng2 Ke8 43. Ne1 Bf5 44. Ke3 Bd7 45. Nd3 Re6+ 46. Ne5 Kd8 47. Rxd7+ Kc8 48. Rd6 Rxd6 49. cxd6 Kd8 50. Nxc6+ Kd7 51. Ne5+ Kxd6 52. Nxg6 Ke6 53. Ne5 Ke7 54. f5 Kf6 55. Kf4 1-0